|
|
|
|
| LEADER |
01611nam a2200385 a 4500 |
| 001 |
24047 |
| 003 |
BD-DhAAL |
| 008 |
111214s2004 nyua b 001 0 eng |
| 999 |
|
|
|c 11597
|d 11597
|
| 010 |
|
|
|a 2003018294
|
| 020 |
|
|
|a 0815341857 (pbk. : alk. paper)
|
| 040 |
|
|
|a DNLM/DLC
|c DLC
|d DLC
|d BD-DhAAL
|
| 042 |
|
|
|a pcc
|
| 050 |
0 |
0 |
|a QH431
|b .J53 2004
|
| 082 |
0 |
0 |
|a 599.93/5
|2 22
|
| 100 |
1 |
|
|a Jobling, Mark A.
|9 44785
|
| 245 |
1 |
0 |
|a Human evolutionary genetics :
|b origins, peoples & disease /
|c Mark A. Jobling, Matthew Hurles, Chris Tyler-Smith.
|
| 260 |
|
|
|a New York :
|b Garland Science,
|c c2004.
|
| 300 |
|
|
|a xx, 523 p. :
|b ill. ;
|c 28 cm.
|
| 504 |
|
|
|a Includes bibliographical references and index.
|
| 541 |
|
|
|e 24047
|
| 650 |
|
0 |
|a Human genetics
|x Variation.
|9 44786
|
| 650 |
|
0 |
|a Human evolution.
|9 44787
|
| 650 |
|
0 |
|a Human molecular genetics.
|9 44788
|
| 650 |
1 |
2 |
|a Evolution, Molecular.
|9 44789
|
| 650 |
1 |
2 |
|a Genome, Human.
|9 44790
|
| 650 |
2 |
2 |
|a Genetics, Medical.
|9 44791
|
| 650 |
2 |
2 |
|a Variation (Genetics)
|9 44792
|
| 650 |
2 |
2 |
|a Pharmacy.
|9 44793
|
| 700 |
1 |
|
|a Hurles, Matthew,
|d 1974-
|9 44794
|
| 700 |
1 |
|
|a Tyler-Smith, Chris.
|9 44795
|
| 852 |
1 |
|
|a Ayesha Abed Library
|c General shelf.
|
| 942 |
|
|
|2 ddc
|c BK
|
| 952 |
|
|
|0 0
|1 0
|2 ddc
|4 0
|6 599_935000000000000_JOB
|7 0
|9 18873
|a BRACUL
|b BRACUL
|c GEN
|d 2011-12-12
|e PARASH PUBLISHERS
|g 4150.00
|l 7
|m 34
|o 599.935 JOB
|p 3010024047
|r 2025-10-14
|s 2025-05-16
|t 2
|w 2011-12-14
|y BK
|
| 952 |
|
|
|0 0
|1 0
|2 ddc
|4 0
|6 599_935000000000000_JOB
|7 0
|9 18880
|a BRACUL
|b BRACUL
|c GEN
|d 2011-12-14
|e PARASH PUBLISHERS
|g 4150.00
|l 5
|m 34
|o 599.935 JOB
|p 3010024046
|r 2023-10-07
|s 2023-09-30
|t 1
|w 2011-12-14
|y BK
|